<?xml version="1.0" encoding="UTF-8"?>
<record
    xmlns:xsi="http://www.w3.org/2001/XMLSchema-instance"
    xsi:schemaLocation="http://www.loc.gov/MARC21/slim http://www.loc.gov/standards/marcxml/schema/MARC21slim.xsd"
    xmlns="http://www.loc.gov/MARC21/slim">

  <leader>00890nam a22001697a 4500</leader>
  <controlfield tag="003">IT-RoPau</controlfield>
  <controlfield tag="005">20220918175942.0</controlfield>
  <controlfield tag="008">130218b        xxu||||| |||| 00| 0 eng d</controlfield>
  <datafield tag="040" ind1=" " ind2=" ">
    <subfield code="c">IT-RoPau</subfield>
  </datafield>
  <datafield tag="245" ind1=" " ind2=" ">
    <subfield code="a">Pellegrinaggio: i luoghi delle origini</subfield>
  </datafield>
  <datafield tag="250" ind1=" " ind2=" ">
    <subfield code="a">I&#xB0; ed.</subfield>
  </datafield>
  <datafield tag="260" ind1=" " ind2=" ">
    <subfield code="a">Roma</subfield>
    <subfield code="b">FSP</subfield>
    <subfield code="c">s.d. (Post 1999)</subfield>
  </datafield>
  <datafield tag="300" ind1=" " ind2=" ">
    <subfield code="a">61 p.</subfield>
    <subfield code="c">20, 5 cm</subfield>
  </datafield>
  <datafield tag="490" ind1=" " ind2=" ">
    <subfield code="v">I</subfield>
  </datafield>
  <datafield tag="520" ind1=" " ind2=" ">
    <subfield code="a">Indice

Alba: Casa Madre delle Figlie di San Paolo
Luoghi dell' "infanzia e della giovent&#xF9;" di Don Giacomo Alberione
Vita e sviluppo della Famiglia Paolina
Casa Madre della Societ&#xE0; San Paolo e prima sede della
Famiglia Paolina
Sulle orme di Maestra Tecla

Liturgia e canti
Celebrazioni delle Lodi
Messa votiva del Divin Maestro
Preghiere
Celebrazioni dei Vespri
Canti

Foglietto allegato:
Pellegrinaggio ad Alba - 6 - 9 aprile 1990
Itinerario Pellegrinaggio ad Alba - 6 - 9 aprile 1990
Noter</subfield>
  </datafield>
  <datafield tag="942" ind1=" " ind2=" ">
    <subfield code="2">ddc</subfield>
    <subfield code="c">BK</subfield>
  </datafield>
  <datafield tag="999" ind1=" " ind2=" ">
    <subfield code="c">38112</subfield>
    <subfield code="d">38112</subfield>
  </datafield>
  <datafield tag="952" ind1=" " ind2=" ">
    <subfield code="0">0</subfield>
    <subfield code="1">0</subfield>
    <subfield code="2">ddc</subfield>
    <subfield code="4">0</subfield>
    <subfield code="6">P_C2</subfield>
    <subfield code="7">1</subfield>
    <subfield code="a">PAULUS</subfield>
    <subfield code="b">PAULUS</subfield>
    <subfield code="d">2013-02-18</subfield>
    <subfield code="l">0</subfield>
    <subfield code="o">P C2</subfield>
    <subfield code="r">2013-02-18 00:00:00</subfield>
    <subfield code="w">2013-02-18</subfield>
    <subfield code="y">BK</subfield>
  </datafield>
</record>
